[Event "Hamburg-Sachsen 1"]
[Site "Templin"]
[Date "2017.09.25"]
[Round "1.1"]
[White "Kyas, Jürgen"]
[Black "Horn, Peter"]
[Result "1/2-1/2"]
[WhiteElo "2200"]
[BlackElo "2099"]
[PlyCount "61"]
[EventDate "2017.??.??"]
[WhiteTeam "Sachsen 1"]
[BlackTeam "Hamburg"]

1. e4 e6 2. d4 d5 3. Nd2 c5 4. exd5 Qxd5 5. Ngf3 cxd4 6. Bc4 Qd6 7. O-O Nf6 8.
Nb3 Nc6 9. Nbxd4 Nxd4 10. Nxd4 a6 11. Re1 Qc7 12. Qe2 Bd6 13. h3 O-O 14. Bg5
Ne4 15. Qxe4 Qxc4 16. Rad1 Qc7 17. Nb3 h6 18. Be3 Rd8 19. Bc5 Bh2+ 20. Kh1 Bd7
21. Qe3 Bf4 22. Bb6 Qb8 23. Qe2 Bc7 24. Bd4 Bd6 25. Bb6 Bc7 26. Bc5 Bc6 27. Nd4
Be8 28. Nb3 Bc6 29. Nd4 Be8 30. Nb3 Bc6 31. Nd4 1/2-1/2

[Event "Hamburg-Sachsen 1"]
[Site "Templin"]
[Date "2017.09.25"]
[Round "1.2"]
[White "Hohlfeld, Wolfgang"]
[Black "Weidlich, Günter"]
[Result "1/2-1/2"]
[WhiteElo "2079"]
[BlackElo "2187"]
[PlyCount "83"]
[EventDate "2017.??.??"]
[WhiteTeam "Hamburg"]
[BlackTeam "Sachsen 1"]

1. e4 g6 2. d4 Bg7 3. Nf3 d6 4. Nc3 c6 5. Be2 b5 6. a3 a6 7. O-O Nd7 8. Bg5 Qc7
9. Qd2 Bb7 10. Rad1 c5 11. Rfe1 cxd4 12. Nxd4 Ngf6 13. Bh6 O-O 14. Bxg7 Kxg7
15. Nd5 Qd8 16. Nxf6 Nxf6 17. Bf3 Qc7 18. Qg5 e6 19. e5 dxe5 20. Bxb7 Qxb7 21.
Qxe5 Rad8 22. Nf3 Rd5 23. Rxd5 Qxd5 24. Qc3 Rd8 25. h3 Rd6 26. Re5 Rc6 27. Rxd5
Rxc3 28. Rd2 Rc7 29. c3 Nd5 30. Rd4 Nb6 31. Rd6 Nc4 32. Rxa6 Nxb2 33. Nd4 Rxc3
34. Nxb5 Rc1+ 35. Kh2 Rc2 36. f3 Nd1 37. Nd6 Ne3 38. Ra7 Rxg2+ 39. Kh1 Rd2 40.
Rxf7+ Kg8 41. Rd7 Ra2 42. Ne4 1/2-1/2

[Event "Hamburg-Sachsen 1"]
[Site "Templin"]
[Date "2017.09.25"]
[Round "1.3"]
[White "Lenk, Wolfgang"]
[Black "Schellhorn, Wolfgang"]
[Result "0-1"]
[WhiteElo "2179"]
[BlackElo "2081"]
[PlyCount "48"]
[EventDate "2017.??.??"]
[WhiteTeam "Sachsen 1"]
[BlackTeam "Hamburg"]

1. e4 c5 2. Nf3 d6 3. d4 cxd4 4. Nxd4 Nf6 5. Nc3 a6 6. Bg5 e6 7. f4 h6 8. Bxf6
Qxf6 9. Qd2 g5 10. f5 Nc6 11. O-O-O Bd7 12. Bc4 Rc8 13. fxe6 fxe6 14. Nxc6 Bxc6
15. Qe2 Ke7 16. Rhf1 Qe5 17. Qf3 Be8 18. Bb3 Bg7 19. Qe3 Qc5 20. Qh3 g4 21.
Nd5+ Qxd5 22. exd5 gxh3 23. dxe6 hxg2 24. Rf2 g1=Q 0-1

[Event "Hamburg-Sachsen 1"]
[Site "Templin"]
[Date "2017.09.25"]
[Round "1.4"]
[White "Gerigk, Wolf"]
[Black "Böhm, Erwin"]
[Result "0-1"]
[WhiteElo "2032"]
[BlackElo "2154"]
[PlyCount "80"]
[EventDate "2017.??.??"]
[WhiteTeam "Hamburg"]
[BlackTeam "Sachsen 1"]

1. c4 g6 2. g3 Bg7 3. Bg2 e5 4. Nc3 d6 5. b4 a5 6. b5 f5 7. Bb2 Nf6 8. Nf3 O-O
9. O-O Nbd7 10. e3 e4 11. Ne1 Ne5 12. d3 Be6 13. f4 exf3 14. Nxf3 Nfg4 15. Qe2
c6 16. Nd4 Bd7 17. Nc2 Be6 18. Nd4 Bd7 19. Nc2 Re8 20. h3 Nf6 21. Rab1 Nh5 22.
d4 Nf7 23. Kh2 Rc8 24. bxc6 Bxc6 25. Nd5 Nf6 26. Nxf6+ Bxf6 27. d5 Ba4 28. Nd4
Bd7 29. Ne6 Qe7 30. g4 Bxb2 31. Rxb2 fxg4 32. hxg4 Ne5 33. Rf4 Kh8 34. Rxb7
Qh4+ 35. Bh3 g5 36. Re4 Bxe6 37. dxe6 Rxe6 38. Qf1 Qh6 39. c5 Rf8 40. Qg2 Nf3+
0-1

[Event "Niedersachsen-Baden 2"]
[Site "Templin"]
[Date "2017.09.25"]
[Round "1.1"]
[White "Sandmeier, Toni"]
[Black "Schrüfer, Günther"]
[Result "0-1"]
[WhiteElo "2162"]
[BlackElo "2205"]
[PlyCount "74"]
[EventDate "2017.??.??"]
[WhiteTeam "Baden 2"]
[BlackTeam "Niedersachsen"]

1. c4 Nf6 2. g3 g6 3. Bg2 d5 4. Nf3 Bg7 5. O-O O-O 6. cxd5 Nxd5 7. Nc3 c5 8. a3
Nc6 9. Ne4 b6 10. d3 Bb7 11. Rb1 Qd7 12. Bd2 Rfd8 13. b4 cxb4 14. axb4 a5 15.
bxa5 Nxa5 16. h4 h6 17. Qe1 Rdc8 18. Kh2 Qa4 19. Bh3 e6 20. Nd6 Rc6 21. Nxb7
Nxb7 22. d4 b5 23. e4 Nc7 24. Bg2 Nd6 25. d5 exd5 26. exd5 Rc4 27. Qe7 Nf5 28.
Qd7 b4 29. Qxa4 Rxa4 30. Ng1 Rd4 31. Be3 Nxe3 32. fxe3 Rd3 33. Rfd1 Rxd1 34.
Rxd1 b3 35. d6 Ne6 36. Bd5 b2 37. Bxe6 Ra1 0-1

[Event "Niedersachsen-Baden 2"]
[Site "Templin"]
[Date "2017.09.25"]
[Round "1.2"]
[White "Nimtz, Manfred"]
[Black "Dekan, Hans"]
[Result "1/2-1/2"]
[WhiteElo "2184"]
[BlackElo "2152"]
[PlyCount "79"]
[EventDate "2017.??.??"]
[WhiteTeam "Niedersachsen"]
[BlackTeam "Baden 2"]

1. e4 c5 2. Nf3 Nc6 3. d4 cxd4 4. Nxd4 Nf6 5. Nc3 e5 6. Ndb5 d6 7. Bg5 a6 8.
Na3 Be7 9. Bxf6 gxf6 10. Bd3 Be6 11. Nc4 d5 12. exd5 Bxd5 13. Nxd5 Qxd5 14. Ne3
Qa5+ 15. Kf1 Nd4 16. c3 Ne6 17. Qb3 Nc5 18. Qc2 Nxd3 19. Qxd3 Rd8 20. Qe2 Qa4
21. h4 Bc5 22. Rh3 Bxe3 23. fxe3 Ke7 24. e4 Rd6 25. b3 Qd7 26. Rg3 Rd8 27. Rg7
Rd1+ 28. Rxd1 Qxd1+ 29. Qxd1 Rxd1+ 30. Ke2 Ra1 31. Rxh7 Rxa2+ 32. Kf3 Ra3 33.
Rh8 Rxb3 34. h5 Rxc3+ 35. Kf2 Rc1 36. g4 Rc2+ 37. Kf3 Rc3+ 38. Kf2 Rc2+ 39. Kf3
Rc3+ 40. Kf2 1/2-1/2

[Event "Niedersachsen-Baden 2"]
[Site "Templin"]
[Date "2017.09.25"]
[Round "1.3"]
[White "Müller, Rudolf"]
[Black "Clemens, Christian"]
[Result "0-1"]
[WhiteElo "2076"]
[BlackElo "2232"]
[PlyCount "100"]
[EventDate "2017.??.??"]
[WhiteTeam "Baden 2"]
[BlackTeam "Niedersachsen"]

1. e4 Nf6 2. Nc3 d5 3. exd5 Nxd5 4. Bc4 Nb6 5. Be2 Nc6 6. d3 e5 7. Be3 Be7 8.
Qd2 O-O 9. a3 Be6 10. Bxb6 axb6 11. Bf3 Qd7 12. Nge2 f5 13. Bxc6 Qxc6 14. O-O
Rad8 15. Qe3 Bd6 16. Qf3 Qxf3 17. gxf3 c5 18. Rfe1 Rfe8 19. a4 Bc7 20. Nb5 Bb8
21. Nec3 Kf7 22. Re2 c4 23. Rd1 cxd3 24. cxd3 Bb3 25. Rde1 Rxd3 26. Re3 Red8
27. Kg2 Be6 28. Rxd3 Rxd3 29. Re2 Bd7 30. Re3 Rd2 31. b3 Bc6 32. Kf1 Rd7 33.
Ke2 f4 34. Re4 Bxe4 35. Nxe4 Kg6 36. Nd2 Kf5 37. Nc4 Bc7 38. Ke1 g5 39. h3 h5
40. Ke2 Ke6 41. Nc3 Rg7 42. Nb5 Rd7 43. Nc3 Kf5 44. Nb5 e4 45. fxe4+ Kxe4 46.
f3+ Kf5 47. Nc3 g4 48. fxg4+ hxg4 49. hxg4+ Kxg4 50. Nd2 f3+ 0-1

[Event "Niedersachsen-Baden 2"]
[Site "Templin"]
[Date "2017.09.25"]
[Round "1.4"]
[White "Grimm, Uwe"]
[Black "Fugmann, Bernd"]
[Result "1/2-1/2"]
[WhiteElo "2090"]
[BlackElo "1971"]
[PlyCount "64"]
[EventDate "2017.??.??"]
[WhiteTeam "Niedersachsen"]
[BlackTeam "Baden 2"]

1. f4 d5 2. Nf3 Nf6 3. e3 e6 4. b3 Be7 5. Bb2 Nbd7 6. Be2 O-O 7. O-O c5 8. Qe1
Ne4 9. d3 Bf6 10. Ne5 Nd6 11. Nd2 Nf5 12. Bg4 Nxe5 13. fxe5 Bg5 14. Bxf5 exf5
15. Nf3 Be7 16. a4 Be6 17. Kh1 Rc8 18. Rd1 Qb6 19. Ba3 Rfe8 20. e4 fxe4 21.
dxe4 d4 22. Qg3 Rcd8 23. Nh4 Bxh4 24. Qxh4 Qc7 25. Qg3 a6 26. Bc1 Kh8 27. Bg5
Rd7 28. Rf6 b5 29. Rh6 g6 30. Rxg6 fxg6 31. Bf6+ Rg7 32. c4 Kg8 1/2-1/2

[Event "Schleswig-Holstein 2-Bremen"]
[Site "Templin"]
[Date "2017.09.25"]
[Round "1.1"]
[White "Buchal, Stephan"]
[Black "Kornrumpf, Joachim"]
[Result "1-0"]
[WhiteElo "2347"]
[BlackElo "2082"]
[PlyCount "69"]
[EventDate "2017.??.??"]
[WhiteTeam "Bremen"]
[BlackTeam "Schleswig-Holstein 2"]

1. c4 c5 2. g3 e6 3. Bg2 Nf6 4. Nf3 Be7 5. O-O O-O 6. b3 Qc7 7. Nc3 a6 8. e3 b6
9. Bb2 Bb7 10. d4 cxd4 11. exd4 d5 12. Rc1 Qd6 13. Qe2 Nbd7 14. Ne5 Rac8 15.
cxd5 exd5 16. Nc4 Qe6 17. Qxe6 fxe6 18. Ne3 Rfe8 19. Bh3 Bb4 20. Ne2 Kf7 21.
Nf4 Bd6 22. Rxc8 Bxc8 23. Nd3 Ne4 24. Bg2 Nef6 25. f4 Bb7 26. Ne5+ Ke7 27. f5
Bxe5 28. dxe5 Ne4 29. fxe6 Kxe6 30. Bh3+ Ke7 31. Nf5+ Kd8 32. Nxg7 Rg8 33. Rf7
Bc8 34. e6 Nd6 35. exd7 1-0

[Event "Schleswig-Holstein 2-Bremen"]
[Site "Templin"]
[Date "2017.09.25"]
[Round "1.2"]
[White "Dittmann, Hans-Adolf"]
[Black "Franke, Reiner"]
[Result "1/2-1/2"]
[WhiteElo "2084"]
[BlackElo "2255"]
[PlyCount "80"]
[EventDate "2017.??.??"]
[WhiteTeam "Schleswig-Holstein 2"]
[BlackTeam "Bremen"]

1. e4 c5 2. Nf3 g6 3. d4 cxd4 4. Nxd4 Bg7 5. Nc3 Nc6 6. Be3 Nf6 7. Qd2 O-O 8.
Be2 d5 9. exd5 Nxd5 10. Nxd5 Nxd4 11. Bxd4 Qxd5 12. Bxg7 Qxd2+ 13. Kxd2 Rd8+
14. Ke3 Kxg7 15. Rhd1 Be6 16. Rxd8 Rxd8 17. Rd1 Rc8 18. c3 Rc7 19. Bf3 Kf6 20.
Rd4 h5 21. Rb4 b6 22. a4 Rc5 23. Rb5 Rxb5 24. axb5 Ke5 25. Bc6 g5 26. g3 h4 27.
f4+ gxf4+ 28. gxf4+ Kd6 29. b4 Bh3 30. Be4 f5 31. Bd3 e5 32. c4 Bg4 33. Bf1 Bh5
34. fxe5+ Kxe5 35. c5 bxc5 36. bxc5 Kd5 37. c6 Kd6 38. Be2 Be8 39. Bf1 Bxc6 40.
bxc6 Kxc6 1/2-1/2

[Event "Schleswig-Holstein 2-Bremen"]
[Site "Templin"]
[Date "2017.09.25"]
[Round "1.3"]
[White "Rust-Lux, Klaus"]
[Black "Gehrmann, Rudolf-Rainer"]
[Result "1/2-1/2"]
[WhiteElo "2065"]
[BlackElo "2096"]
[PlyCount "89"]
[EventDate "2017.??.??"]
[WhiteTeam "Bremen"]
[BlackTeam "Schleswig-Holstein 2"]

1. Nf3 c5 2. g3 g6 3. Bg2 Bg7 4. O-O Nf6 5. c4 O-O 6. Nc3 Nc6 7. d4 cxd4 8.
Nxd4 Nxd4 9. Qxd4 d6 10. Qd3 Rb8 11. Bd2 b6 12. Rac1 Bb7 13. b3 Bxg2 14. Kxg2
Rc8 15. Rfd1 Qd7 16. h3 Rc5 17. e4 Qb7 18. Be3 Rcc8 19. Nd5 Rfe8 20. f3 Nxd5
21. exd5 e6 22. dxe6 Rxe6 23. Bf2 Rce8 24. Re1 Qa6 25. Rxe6 Rxe6 26. Rc2 Qc8
27. Re2 Rxe2 28. Qxe2 Qe6 29. Qd3 h5 30. h4 Bf6 31. a4 Qe7 32. Qe3 Qxe3 33.
Bxe3 Bc3 34. Bf4 Bb4 35. Kf2 Kf8 36. Bg5 Ke8 37. g4 Kd7 38. Ke3 Ke6 39. Ke2 Ke5
40. gxh5 gxh5 41. Be3 d5 42. cxd5 Kxd5 43. Bf2 Bc5 44. Be3 Bxe3 45. Kxe3
1/2-1/2

[Event "Schleswig-Holstein 2-Bremen"]
[Site "Templin"]
[Date "2017.09.25"]
[Round "1.4"]
[White "Hahne, Hans-Jürgen"]
[Black "Ditmas, Hugh"]
[Result "1-0"]
[WhiteElo "2085"]
[BlackElo "1993"]
[PlyCount "75"]
[EventDate "2017.??.??"]
[WhiteTeam "Schleswig-Holstein 2"]
[BlackTeam "Bremen"]

1. e4 c5 2. c3 Nf6 3. e5 Nd5 4. d4 cxd4 5. Bc4 e6 6. cxd4 d6 7. Nf3 Nc6 8. O-O
Be7 9. Qe2 O-O 10. Rd1 a6 11. Nc3 Nxc3 12. bxc3 Qc7 13. Bd3 d5 14. Ng5 Bxg5 15.
Bxg5 Ne7 16. Bxh7+ Kxh7 17. Rd3 Ng6 18. Rh3+ Kg8 19. Qh5 f6 20. Qh7+ Kf7 21.
Bxf6 Ke8 22. Qxg6+ Qf7 23. Qxg7 Qxg7 24. Bxg7 Rg8 25. Rh7 Bd7 26. h4 Rc8 27.
Bf6 Bb5 28. h5 Rxc3 29. h6 Bd3 30. Rxb7 Be4 31. Bg7 Rc4 32. Rd1 Bc2 33. Rd2 Bf5
34. f3 Rc3 35. Kf2 Rc1 36. g4 Bg6 37. Rdb2 Rc8 38. R2b4 1-0

[Event "Württemberg 1-Sachsen 2"]
[Site "Templin"]
[Date "2017.09.25"]
[Round "1.1"]
[White "Bodach, Hans"]
[Black "Fritsch, Rolf"]
[Result "1/2-1/2"]
[WhiteElo "2183"]
[BlackElo "2214"]
[PlyCount "54"]
[EventDate "2017.??.??"]
[WhiteTeam "Sachsen 2"]
[BlackTeam "Württemberg 1"]

1. e4 g6 2. d4 Bg7 3. Nc3 d6 4. Nf3 a6 5. a4 b6 6. Bc4 e6 7. O-O Ne7 8. Re1 h6
9. Be3 Bb7 10. Qd2 Nd7 11. Rad1 Kf8 12. Qe2 Kg8 13. h4 d5 14. exd5 Nxd5 15.
Nxd5 Bxd5 16. Bxd5 exd5 17. g3 Nf6 18. Ne5 Qf8 19. f3 Qc8 20. Kg2 Nd7 21. Nd3
Qb7 22. Bf4 Nf6 23. Qd2 c6 24. Re2 Kh7 25. Rde1 Rhe8 26. a5 Rxe2+ 27. Rxe2 Rb8
1/2-1/2

[Event "Württemberg 1-Sachsen 2"]
[Site "Templin"]
[Date "2017.09.25"]
[Round "1.2"]
[White "Weisenburger, Horst"]
[Black "Selig, Rainer"]
[Result "0-1"]
[WhiteElo "2137"]
[BlackElo "2096"]
[PlyCount "60"]
[EventDate "2017.??.??"]
[WhiteTeam "Württemberg 1"]
[BlackTeam "Sachsen 2"]

1. d4 {[%emt 0:00:00]} d5 {[%emt 0:00:01]} 2. Bf4 {[%emt 0:00:03]} c6 {
[%emt 0:00:02]} 3. Nc3 {[%emt 0:00:02]} Nf6 {[%emt 0:00:01]} 4. e3 {
[%emt 0:00:03]} Bf5 {[%emt 0:00:02]} 5. Be2 {[%emt 0:00:02]} Nbd7 {
[%emt 0:00:02]} 6. g4 {[%emt 0:00:02]} Bg6 {[%emt 0:00:02]} 7. h4 {
[%emt 0:00:03]} h6 {[%emt 0:00:02]} 8. Nh3 {[%emt 0:00:03]} e6 {[%emt 0:00:02]}
9. f3 {[%emt 0:00:02]} Be7 {[%emt 0:00:02]} 10. h5 {[%emt 0:00:02]} Bh7 {
[%emt 0:00:02]} 11. Bd3 {[%emt 0:00:02]} a6 {[%emt 0:00:02]} 12. Bxh7 {
[%emt 0:00:04]} Nxh7 {[%emt 0:00:02]} 13. Qd2 {[%emt 0:00:02]} c5 {
[%emt 0:00:02]} 14. dxc5 {[%emt 0:00:03]} Rc8 {[%emt 0:00:03]} 15. e4 {
[%emt 0:00:06]} e5 {[%emt 0:00:02]} 16. Bg3 {[%emt 0:00:02]} d4 {[%emt 0:00:02]
} 17. Nd5 {[%emt 0:00:01]} Ng5 {[%emt 0:00:04]} 18. Nxg5 {[%emt 0:00:04]} Bxg5
{[%emt 0:00:01]} 19. Qb4 {[%emt 0:00:05]} O-O {[%emt 0:00:01]} 20. O-O {
[%emt 0:00:03]} Rxc5 {[%emt 0:00:00]} 21. Bxe5 {[%emt 0:00:02]} Rxd5 {
[%emt 0:00:04]} 22. exd5 {[%emt 0:00:03]} Be3+ {[%emt 0:00:03]} 23. Kg2 {
[%emt 0:00:03]} Nxe5 {[%emt 0:00:01]} 24. Rad1 {[%emt 0:00:04]} Qxd5 {
[%emt 0:00:03]} 25. Kg3 {[%emt 0:00:03]} Qc6 {[%emt 0:00:02]} 26. c3 {
[%emt 0:00:03]} a5 {[%emt 0:00:01]} 27. Qb3 {[%emt 0:00:03]} d3 {[%emt 0:00:02]
} 28. f4 {[%emt 0:00:03]} a4 {[%emt 0:00:02]} 29. Qb4 {[%emt 0:00:02]} Bc5 {
[%emt 0:00:02]} 30. Qa5 {[%emt 0:00:03]} Nc4 {[%emt 0:00:02]} 0-1

[Event "Württemberg 1-Sachsen 2"]
[Site "Templin"]
[Date "2017.09.25"]
[Round "1.3"]
[White "Brauer, Christian"]
[Black "Bräuner, Uwe"]
[Result "0-1"]
[WhiteElo "2094"]
[BlackElo "2176"]
[PlyCount "112"]
[EventDate "2017.??.??"]
[WhiteTeam "Sachsen 2"]
[BlackTeam "Württemberg 1"]

1. c4 e5 2. g3 Nf6 3. Bg2 Nc6 4. Nc3 Bb4 5. Nd5 Nxd5 6. cxd5 Ne7 7. e3 O-O 8.
Ne2 c6 9. a3 Ba5 10. b4 Bb6 11. Nc3 d6 12. O-O cxd5 13. Nxd5 Nxd5 14. Bxd5 Qe7
15. Bb2 Bh3 16. Re1 Rac8 17. Qf3 Qd7 18. Bxb7 Rc7 19. Bd5 Bg4 20. Qe4 Bf5 21.
Qf3 Bg4 22. Qe4 Bf5 23. Qf3 Kh8 24. Rac1 Bg4 25. Rxc7 Bxc7 26. Qe4 f5 27. Qc4
Bb6 28. Qc6 Qe7 29. a4 f4 30. exf4 Rc8 31. Qb5 Bd7 32. Qa6 Qe8 33. Qe2 Bxa4 34.
fxe5 dxe5 35. Qxe5 Qf8 36. Qf4 Qxf4 37. gxf4 Rd8 38. Re5 h6 39. Bc3 Bc7 40. Rf5
Bxf4 41. Be4 Bd6 42. Ra5 Re8 43. f3 Bb3 44. Rxa7 Be5 45. Bc6 Bxc3 46. Bxe8 Bd4+
47. Kf1 Bxa7 48. Ke2 Bd5 49. Bh5 Kh7 50. Bg4 Kg6 51. Kd3 Kf6 52. h4 g6 53. h5
g5 54. Kc3 Ke5 55. b5 Kf4 56. Kb4 Bb6 0-1

[Event "Württemberg 1-Sachsen 2"]
[Site "Templin"]
[Date "2017.09.25"]
[Round "1.4"]
[White "Gerstenberger, Heinz"]
[Black "Westphal, Norbert"]
[Result "1/2-1/2"]
[WhiteElo "2119"]
[BlackElo "1947"]
[PlyCount "123"]
[EventDate "2017.??.??"]
[WhiteTeam "Württemberg 1"]
[BlackTeam "Sachsen 2"]

1. d4 Nf6 2. c4 e6 3. g3 Bb4+ 4. Bd2 c5 5. Bxb4 cxb4 6. Bg2 d5 7. Nf3 Nc6 8.
Nbd2 O-O 9. O-O b6 10. a3 a5 11. Ne5 Nxd4 12. axb4 Qd6 13. Nd3 Ba6 14. bxa5
dxc4 15. Nf4 Rad8 16. axb6 Qxb6 17. Qa4 Nxe2+ 18. Nxe2 Rxd2 19. Qxa6 Qxa6 20.
Rxa6 Rxe2 21. Rc6 Rxb2 22. Rxc4 Rd8 23. Rfc1 h5 24. Rc8 Rbd2 25. Bf3 g6 26. Kg2
Kf8 27. Rxd8+ Rxd8 28. Rc7 Nd5 29. Ra7 Ke8 30. h4 Rd7 31. Ra8+ Ke7 32. Ra6 Kf6
33. Rc6 Ne7 34. Rc2 Rd4 35. Ra2 Nf5 36. Rb2 e5 37. Rb6+ Kg7 38. Rb2 e4 39. Be2
Nd6 40. Rc2 Kf6 41. Ra2 Ke5 42. Ra5+ Rd5 43. Ra2 Rc5 44. Rb2 Rc3 45. Ra2 f5 46.
Ra5+ Ke6 47. Ra2 Rc8 48. Rb2 Rf8 49. f3 Rc8 50. fxe4 Nxe4 51. Bf3 Rd8 52. Rb6+
Rd6 53. Rxd6+ Kxd6 54. Bd1 Nc5 55. Kf3 Ke5 56. Be2 Ne6 57. Bd3 g5 58. hxg5
Nxg5+ 59. Kg2 Ne4 60. Be2 Nf6 61. Kh3 Ke4 62. Kh4 1/2-1/2

[Event "Schleswig-Holstein 1-Mecklenburg-Vorpom"]
[Site "Templin"]
[Date "2017.09.25"]
[Round "1.1"]
[White "Krüger, Horst"]
[Black "Salov, Sergej"]
[Result "1/2-1/2"]
[WhiteElo "2036"]
[BlackElo "2215"]
[PlyCount "24"]
[EventDate "2017.??.??"]
[WhiteTeam "Mecklenburg-Vorpommern 2"]
[BlackTeam "Schleswig-Holstein 1"]

1. c4 e5 2. g3 Nc6 3. Bg2 f5 4. Nc3 Nf6 5. e3 e4 6. d3 Bb4 7. Nge2 d5 8. O-O
Bxc3 9. Nxc3 Ne5 10. dxe4 dxe4 11. Qxd8+ Kxd8 12. b3 c5 1/2-1/2

[Event "Schleswig-Holstein 1-Mecklenburg-Vorpom"]
[Site "Templin"]
[Date "2017.09.25"]
[Round "1.2"]
[White "Gruzmann, Boris"]
[Black "Wiemer, Jürgen"]
[Result "1/2-1/2"]
[WhiteElo "2210"]
[BlackElo "2028"]
[PlyCount "86"]
[EventDate "2017.??.??"]
[WhiteTeam "Schleswig-Holstein 1"]
[BlackTeam "Mecklenburg-Vorpommern 2"]

1. e4 e5 2. Nf3 Nc6 3. Bb5 a6 4. Ba4 Nf6 5. O-O b5 6. Bb3 Be7 7. d4 d6 8. c3
Bg4 9. d5 Na5 10. Bc2 O-O 11. h3 Bh5 12. a4 c5 13. dxc6 Nxc6 14. b4 bxa4 15.
Rxa4 Qc8 16. Re1 Rd8 17. Bb3 Nd7 18. Be3 Qb7 19. Nbd2 Nf6 20. Qb1 d5 21. exd5
Nxd5 22. Qa1 Nxe3 23. Rxe3 Bg6 24. Bc4 Kf8 25. Rxa6 Rxa6 26. Qxa6 Qxa6 27. Bxa6
f6 28. Re1 Nb8 29. Bb7 Rd7 30. Be4 f5 31. Bb1 e4 32. Nd4 Bxb4 33. Ne6+ Ke7 34.
cxb4 Kxe6 35. Nb3 Kf6 36. Nc5 Rd2 37. g4 Nc6 38. gxf5 Bxf5 39. Nxe4+ Bxe4 40.
Bxe4 Nxb4 41. Bxh7 g6 42. Re4 Nd3 43. Rd4 Rd1+ 1/2-1/2

[Event "Schleswig-Holstein 1-Mecklenburg-Vorpom"]
[Site "Templin"]
[Date "2017.09.25"]
[Round "1.3"]
[White "Nauschütz, Ernst"]
[Black "Stark, Hans-Werner"]
[Result "1/2-1/2"]
[WhiteElo "1966"]
[BlackElo "2103"]
[PlyCount "76"]
[EventDate "2017.??.??"]
[WhiteTeam "Mecklenburg-Vorpommern 2"]
[BlackTeam "Schleswig-Holstein 1"]

1. c4 Nf6 2. g3 e5 3. Bg2 d5 4. cxd5 Nxd5 5. Nc3 Nb6 6. Nf3 Nc6 7. O-O Be7 8.
a3 O-O 9. b4 Be6 10. d3 f6 11. Rb1 Nd5 12. Bb2 Nxc3 13. Bxc3 Qd7 14. Nd2 Bd5
15. Ne4 Rfd8 16. Qc2 Nd4 17. Qb2 Ne6 18. Rfd1 Rac8 19. h4 c5 20. bxc5 Bxc5 21.
Nxc5 Nxc5 22. Bd2 b6 23. Qb4 Bxg2 24. Kxg2 Qe6 25. Be3 Rd6 26. Rdc1 Rdc6 27. f3
Nb7 28. Rxc6 Rxc6 29. Rc1 Rxc1 30. Bxc1 Na5 31. Be3 Nc6 32. Qa4 h6 33. g4 Qd5
34. Kf2 Kf7 35. h5 Ke6 36. Qa6 Qd7 37. Qc4+ Qd5 38. Qa6 Qd7 1/2-1/2

[Event "Schleswig-Holstein 1-Mecklenburg-Vorpom"]
[Site "Templin"]
[Date "2017.09.25"]
[Round "1.4"]
[White "Neumann, Joachim"]
[Black "Krüger, Gerhard"]
[Result "1/2-1/2"]
[WhiteElo "2093"]
[BlackElo "1978"]
[PlyCount "62"]
[EventDate "2017.??.??"]
[WhiteTeam "Schleswig-Holstein 1"]
[BlackTeam "Mecklenburg-Vorpommern 2"]

1. c4 e5 2. Nc3 Nf6 3. Nf3 d6 4. g3 Nc6 5. Bg2 Be7 6. O-O O-O 7. d4 exd4 8.
Nxd4 Nxd4 9. Qxd4 Ng4 10. b3 Bf6 11. Qd2 Re8 12. Bb2 Rb8 13. h3 Nh6 14. e4 Bxc3
15. Qxc3 f6 16. c5 dxc5 17. Qxc5 b6 18. Qa3 a5 19. Rfd1 Bd7 20. b4 axb4 21.
Qxb4 Qc8 22. Kh2 Nf7 23. f4 c5 24. Qc3 Bc6 25. Re1 Qb7 26. Qc2 Re7 27. Re2 Rbe8
28. Rae1 Qa8 29. a3 Qa4 30. Qxa4 Bxa4 31. e5 fxe5 1/2-1/2

[Event "Brandenburg 2-Rheinland-Pfalz 1"]
[Site "Templin"]
[Date "2017.09.25"]
[Round "1.1"]
[White "Giesen, Dieter"]
[Black "Urban, Hans-Rainer"]
[Result "1/2-1/2"]
[WhiteElo "2215"]
[BlackElo "2088"]
[PlyCount "61"]
[EventDate "2017.??.??"]
[WhiteTeam "Rheinland-Pfalz 1"]
[BlackTeam "Brandenburg 2"]

1. e4 d6 2. d4 Nf6 3. Nc3 g6 4. Be3 Bg7 5. h3 O-O 6. Nf3 e5 7. Be2 Nc6 8. O-O
a6 9. a4 Nd7 10. Bc4 Nxd4 11. Nxd4 exd4 12. Bxd4 Ne5 13. Ba2 Be6 14. f4 Bxa2
15. Rxa2 c5 16. Bf2 Nc6 17. Nd5 f5 18. Re1 fxe4 19. Rxe4 Rf7 20. c3 Qf8 21. Ra1
g5 22. Bg3 gxf4 23. Bxf4 Ne5 24. Bg3 Re8 25. Qe2 Re6 26. Nf4 Rh6 27. Rd1 Kh8
28. b4 cxb4 29. cxb4 Qc8 30. Qd2 Qc6 31. Qd5 1/2-1/2

[Event "Brandenburg 2-Rheinland-Pfalz 1"]
[Site "Templin"]
[Date "2017.09.25"]
[Round "1.2"]
[White "Ellenberg, Ekkehard"]
[Black "Kargoll, Peter"]
[Result "0-1"]
[WhiteElo "2057"]
[BlackElo "2163"]
[PlyCount "86"]
[EventDate "2017.??.??"]
[WhiteTeam "Brandenburg 2"]
[BlackTeam "Rheinland-Pfalz 1"]

1. Nf3 d5 2. d3 Nf6 3. g3 g6 4. c3 Bg7 5. Bg2 O-O 6. O-O Nbd7 7. Qc2 e5 8. Nbd2
b6 9. c4 Bb7 10. cxd5 Nxd5 11. a3 c5 12. Nc4 Qe7 13. Bg5 f6 14. Bd2 Rfd8 15. e4
Nc7 16. Rad1 Ne6 17. b3 Rac8 18. Qb1 Nb8 19. Be3 Nc6 20. h4 Rc7 21. Bh3 Ba6 22.
Rfe1 Bc8 23. Bg2 b5 24. Nb2 Ned4 25. Nxd4 cxd4 26. Bc1 Qxa3 27. Nc4 Qa6 28. Nd2
Be6 29. Bb2 Qa5 30. Kf1 Bh6 31. Bc1 Rdc8 32. f4 Qb4 33. f5 Bf7 34. fxg6 hxg6
35. Bh3 Rb8 36. Qa1 Bf8 37. Ke2 Na5 38. Bb2 Nxb3 39. Nxb3 Qxb3 40. Bc1 Bb4 41.
Bd2 Qc2 42. Rf1 Rb6 43. Rf3 Be6 0-1

[Event "Brandenburg 2-Rheinland-Pfalz 1"]
[Site "Templin"]
[Date "2017.09.25"]
[Round "1.3"]
[White "Fecht, Hans-Peter"]
[Black "Zoll, Detlef"]
[Result "0-1"]
[WhiteElo "2090"]
[BlackElo "1893"]
[PlyCount "72"]
[EventDate "2017.??.??"]
[WhiteTeam "Rheinland-Pfalz 1"]
[BlackTeam "Brandenburg 2"]

1. c4 e5 2. Nc3 Nf6 3. g3 c6 4. Bg2 d5 5. cxd5 cxd5 6. d3 Nc6 7. Nf3 Be7 8. O-O
O-O 9. a3 h6 10. b4 a6 11. Bb2 Be6 12. Rc1 Rc8 13. Na4 Nd7 14. e3 b5 15. Nc5
Nxc5 16. bxc5 d4 17. exd4 exd4 18. Re1 Bf6 19. Nd2 Na5 20. f4 Be7 21. Qh5 Qd7
22. f5 Ba2 23. Ne4 Rc6 24. Rc2 Bb3 25. Rf2 Bf6 26. Rf4 Re8 27. Ref1 Qe7 28. Rg4
Bd5 29. Nxf6+ Rxf6 30. Bxd5 Qe3+ 31. Kg2 Re5 32. Bxd4 Qd2+ 33. Rf2 Qxd3 34. Ba8
Rexf5 35. Rxf5 Rxf5 36. Qh4 Qf1# 0-1

[Event "Brandenburg 2-Rheinland-Pfalz 1"]
[Site "Templin"]
[Date "2017.09.25"]
[Round "1.4"]
[White "Sawinsky, Ralf"]
[Black "Dietzsch, Herbert"]
[Result "0-1"]
[WhiteElo "1956"]
[BlackElo "2094"]
[PlyCount "100"]
[EventDate "2017.??.??"]
[WhiteTeam "Brandenburg 2"]
[BlackTeam "Rheinland-Pfalz 1"]

1. e4 c5 2. Nf3 e6 3. c3 d5 4. exd5 Qxd5 5. Bb5+ Bd7 6. Bxd7+ Qxd7 7. d4 Nc6 8.
Be3 cxd4 9. cxd4 Nf6 10. Nc3 Nd5 11. Nxd5 Qxd5 12. O-O Be7 13. Qa4 O-O 14. Rac1
a6 15. Qc4 Rfd8 16. a3 Bf6 17. b4 h6 18. Rfd1 Rac8 19. Qxd5 Rxd5 20. Kf1 Rcd8
21. Ke2 Kf8 22. Rc5 Ke8 23. Rxd5 Rxd5 24. Rd3 Kd8 25. Kd2 Kc8 26. g4 a5 27.
bxa5 Rxa5 28. h4 Be7 29. g5 h5 30. Rc3 Bxa3 31. Kd3 Bd6 32. Nd2 Bb4 33. Rc2
Bxd2 34. Kxd2 Rd5 35. Rc5 Kd7 36. Rxd5+ exd5 37. f3 g6 38. Kc3 b5 39. Bd2 b4+
40. Kd3 Kc7 41. Be3 Kb6 42. Kc2 Kb5 43. Kd3 Ka4 44. Kc2 Ka3 45. Bc1+ Ka2 46.
Bb2 Na5 47. Bc1 Nc4 48. Kd3 Kb1 49. Bf4 b3 50. Kc3 b2 0-1

[Event "Sachsen-Anhalt-Rheinland-Pfalz 2"]
[Site "Templin"]
[Date "2017.09.25"]
[Round "1.1"]
[White "Esswein, Karlheinz"]
[Black "Liebert, Heinz"]
[Result "1/2-1/2"]
[WhiteElo "2092"]
[BlackElo "2188"]
[PlyCount "66"]
[EventDate "2017.??.??"]
[WhiteTeam "Rheinland-Pfalz 2"]
[BlackTeam "Sachsen-Anhalt"]

1. d4 Nf6 2. Nf3 e6 3. Bf4 b6 4. e3 Bb7 5. Bd3 d6 6. O-O Nbd7 7. h3 Qe7 8. Bh2
e5 9. Bc4 e4 10. Ne1 g6 11. Nd2 Bg7 12. a4 a6 13. c3 O-O 14. Rc1 d5 15. Be2 c5
16. Nc2 c4 17. f3 exf3 18. Bxf3 b5 19. Bf4 Ne4 20. Bxe4 dxe4 21. axb5 axb5 22.
Nb4 Nb6 23. Qe2 Nd5 24. Nxd5 Bxd5 25. Ra1 Qe6 26. Qf2 h6 27. Qg3 Rxa1 28. Rxa1
Ra8 29. Rxa8+ Bxa8 30. Nf1 Kh7 31. Bd6 Bc6 32. Bc5 Qd7 33. Qd6 Qb7 1/2-1/2